000 00260nam a22001217a 4500
008 170619b xxu||||| |||| 00| 0 eng d
041 _aeng
080 _a32
100 _a20
101 _aSHP
245 _aTHE BRACERO PROGRAM
_cCRAIG.R.B
942 _2udc
_cBK
999 _c18028
_d18028